Una especie de vida
Uloženo v:
| Hlavní autor: | |
|---|---|
| Médium: | Kniha |
| Jazyk: | španělština |
| Vydáno: |
Buenos Aires
Sur
1972
|
| Vydání: | 1a. ed |
| Témata: | |
| Tagy: |
Přidat tag
Žádné tagy, Buďte první, kdo vytvoří štítek k tomuto záznamu!
|
MARC
| LEADER | 00000nam a2200000 a 4500 | ||
|---|---|---|---|
| 001 | UCX3704 | ||
| 003 | CL-VaPUC | ||
| 008 | 911203e19720329AG |||||||||||||||||spa|d | ||
| 082 | 0 | 4 | |a 823 |b GRE |2 21 |
| 100 | 0 | |a Greene, Graham |e author |9 309259 | |
| 245 | 1 | 4 | |a Una especie de vida |
| 250 | |a 1a. ed | ||
| 300 | |a 199 p | ||
| 942 | |c BK | ||
| 945 | |d 19911203 00:00:00 | ||
| 260 | |a Buenos Aires |b Sur |c 1972 | ||
| 600 | 0 | 7 | |a GREENE, GRAHAM |2 CL-VaPUC |9 309259 |
| 650 | 0 | |a Biografías |9 255210 | |
| 650 | 0 | |a Crítica literaria |9 269189 | |
| 583 | |a last modification |c 19911203 00:00:00 |k Rodrigo Vera | ||
| 999 | |c 224386 |d 224384 | ||
| 952 | |0 0 |1 0 |4 0 |6 823_000000000000000_GRE_1972 |7 0 |8 A |9 220971 |a BIBEDU |b BIBEDU |d 2019-11-15 |i 2897334 |o 823 GRE 1972 |p 2897334 |r 2019-11-15 |w 2019-11-15 |y BK |k LIT | ||
| 952 | |0 0 |1 0 |4 0 |6 823_000000000000000_GRE_1972 |7 0 |8 X |9 220972 |a FDOBUD |b FDOBUD |d 2019-11-15 |i 1036289 |o 823 GRE 1972 |p 1036289 |r 2019-11-15 |w 2019-11-15 |y BK_X |k BUD | ||